Score 0/48 Timer 06:00
2 Plays Today
Decade % Correct
1940sKevin
88.7%
1950sKevin
88.7%
1960sKevin
88.7%
1970sKevin
88.7%
1980sKevin
88.7%
1990sKevin
88.7%
2000sKevin
88.7%
2010sKevin
87.8%
1900sKenneth
83.4%
1910sKenneth
83.4%
1920sKenneth
83.4%
1930sKenneth
83.4%
1940sKenneth
83.4%
1950sKenneth
83.4%
1960sKenneth
83.4%
1970sKenneth
83.4%
1980sKenneth
83.4%
1990sKenneth
83.4%
2000sKenneth
83.4%
1890sKenneth
81.3%
1970sKyle
73.8%
1980sKyle
73.8%
1990sKyle
73.8%
2000sKyle
73.8%
Decade % Correct
1920sKeith
70.3%
1930sKeith
70.3%
1940sKeith
70.3%
1950sKeith
70.3%
1960sKeith
70.3%
1970sKeith
70.3%
1980sKeith
70.3%
1990sKeith
70.3%
1910sKarl
59.9%
1930sKarl
59.9%
1940sKarl
59.9%
1950sKarl
59.9%
1960sKurt
51.8%
1980sKristopher
47%
1950sKim
43.7%
1960sKelly
43.5%
1970sKelly
43.5%
2010sKayden
40.9%
2010sKaden
39.3%
1940sKent
35.9%
2010sKaleb
30.9%
2000sKaden
30.8%
2000sKaleb
25.7%
2010sKaiden
25.5%
Remove Ads.
Support Sporcle.
Get the best of Sporcle when you Go Orange. This ad-free experience offers more features, more stats, and more fun while also helping to support Sporcle. Thank you for becoming a member.

You're not logged in!

Compare scores with friends on all Sporcle quizzes.
OR
Log In

Show Comments

Extras

Top Quizzes Today


Score Distribution

Your Account Isn't Verified!

In order to create a playlist on Sporcle, you need to verify the email address you used during registration. Go to your Sporcle Settings to finish the process.

Report this User

Report this user for behavior that violates our Community Guidelines.

Details: